01233 a2200181 45000010006000000050017000060080041000230030015000640400040000790800040001192450080001590200022002392640038002613000019002995050704003180410008010221000021010303053920260407155615.0260407a1972 arg spa dAR-UNSa-BCEJYS aAR-UNSa-BCEJYSbspacAR-UNSa-BCEJYS a338.5.01xTeorías de los precios 10aTeoría de los preciospapuntes para un curso en la Universidad de Chicago a978-84-206-2030-5 1aMadrid :bAlianza Editorialc1972 a347 p.c20 cm. a1. Introducción - 2. La teoría de la demanda - 3. Los efectos de los impuestos sobre el bienestar - 4. El análisis de la incertidumbre basado en la utilidad - 5. Las relaciones entre curvas de oferta y curvas de costes - 6. La Ley de las proporciones variables y las curvas de costes de una empresa - 7. La demanda derivada 8. La teoría de la distibución con proporciones fijas - 9. La teoría de la productividad marginal y la demanda de factores de producción - 10. El análisis de la productividad marginal: algunas cuestiones generales - 11. La oferta de factores de producción - 12. La distribución cuantitativa de la renta - 13. La teoría del capital y el tipo de interés aspa1 aFriedman, Milton